Bosá univerzita univerzita naopak

Bibliographic Details
Main Author: Markoš, Ján, 1985- (Author)
Format: Article
Language:Slovak
PhysicalDescription:Fotogr.
ISSN:1335-0919
Subjects:

MARC

LEADER 00000nab a2200000 ar4500
001 vtls010596132
003 SK-MaSNL
005 20260303170603.0
008 140513c2014 xo mr|p||| |000 b|slo
015 |a SNBRB2014/05 
038 |a SPK 
040 |a SPKCL  |b slo  |c AACR2  |e AACR2 
041 0 |a slo 
044 |a xo  |c SK 
072 7 |a 374  |x Výchova a vzdelávanie dospelých. Mimoškolská výchova a vzdelávanie  |2 konspekt 
080 |a 374.7  |x (540)  |2 2001 
080 |a 37.01  |2 2001 
100 1 |a Markoš, Ján,  |d 1985-  |4 aut  |9 52772 
245 1 0 |a Bosá univerzita  |b univerzita naopak  |c Ján Markoš 
300 |b Fotogr. 
600 1 7 |a Roy, Bunker,  |d 1945  |2 snkbucl  |9 1193948 
610 2 7 |a Barefoot College (Tilonia, India)  |2 snkbucl  |9 1193949 
650 0 7 |a vzdelávanie dospelých  |2 snkbucl  |9 4999 
650 0 7 |a chudobní  |2 snkbucl  |9 78583 
650 0 7 |a obsah vyučovania  |2 snkbucl  |9 527352 
650 0 7 |a rovnoprávne postavenie mužov a žien  |2 snkbucl  |9 2263 
651 7 |a Tilonia (Rajastan, India)  |2 snkbucl  |9 1193950 
773 0 |t Dieťa  |g Roč. XX, č. 5 (2014), s. 37  |x 1335-0919 
852 |a SPK  |b KIS3GCP 
856 4 1 |a www.dieta.sk 
999 |c 2077834  |d 2079764